[Event "Sainte Marie op"]
[Site "Sainte Marie"]
[Date "2005.10.18"]
[Round "4"]
[White "Sheik, Shaban"]
[Black "Ribotte, Yannick"]
[Result "1-0"]
[WhiteElo "1809"]
[BlackElo "1540"]
[PlyCount "51"]
[EventDate "2005.10.15"]
[EventType "swiss"]
[EventRounds "9"]
[EventCountry "FRA"]
[SourceTitle "EXT 2006"]
[Source "ChessBase"]
[SourceDate "2005.11.24"]
[SourceVersion "1"]
[SourceVersionDate "2005.11.24"]
[SourceQuality "1"]

1. e4 e6 2. d4 d5 3. exd5 exd5 4. Bd3 Bd6 5. Ne2 Bg4 6. Nbc3 Nf6 7. Bg5 Nbd7 8. Nxd5 0-0 9. f3 Be6 10. Nxf6+ Nxf6 11. c3 Re8 12. Qc2 h6 13. Bh4 c6 14. 0-0 c5 15. Kh1 Bd5 16. c4 Bc6 17. d5 Bd7 18. Nc3 g5 19. Bg3 Bxg3 20. hxg3 Nh5 21. Qf2 Qc7 22. f4 Re7 23. Ne4 Qb6 24. fxg5 hxg5 25. d6 Rxe4 26. Qxf7+ 1-0

[Event "Sainte Marie op"]
[Site "Sainte Marie"]
[Date "2005.10.16"]
[Round "2"]
[White "Sheik, Shaban"]
[Black "Cavillot, Sophie"]
[Result "1-0"]
[WhiteElo "1809"]
[BlackElo "1499"]
[PlyCount "49"]
[EventDate "2005.10.15"]
[EventType "swiss"]
[EventRounds "9"]
[EventCountry "FRA"]
[SourceTitle "EXT 2006"]
[Source "ChessBase"]
[SourceDate "2005.11.24"]
[SourceVersion "1"]
[SourceVersionDate "2005.11.24"]
[SourceQuality "1"]

1. e4 e5 2. Bc4 Nf6 3. d4 exd4 4. Nf3 d5 5. exd5 Qe7+ 6. Be2 Bg4 7. 0-0 Qe4 8. Re1 Qxd5 9. Bc4+ Qe6 10. Bxe6 fxe6 11. h3 Bf5 12. Nxd4 Nbd7 13. Nxf5 0-0-0 14. Nd4 e5 15. Ne6 Re8 16. Nxf8 Rhxf8 17. Be3 b6 18. c4 Re6 19. Nc3 c6 20. b4 a6 21. b5 cxb5 22. cxb5 a5 23. Rc1 Nc5 24. Bxc5 bxc5 25. Ne4 1-0